Membres fondateurs de la Justice League - Statistiques

Statistiques générales
  • Ce quiz a été pris 74 fois
  • Le résultat moyen est 6 sur 7
Statistiques - réponses
Membres fondateurs de la Justice League % Correct
Batman
100%
Superman
100%
Wonder Woman
100%
Flash
96%
Aquaman
81%
Green Lantern
76%
Martian Manhunter
55%
Aucun quiz correspondant
Distribution des résultats
% des personnes avec chaque résultat
Percentile par nombre de réponses
Votre historique - résultats
Vous n’avez pas pris ce quiz